| 000 | 00904nam a22002417i 4500 | ||
|---|---|---|---|
| 999 |
_c23015 _d23015 |
||
| 003 | AR-CdUCM | ||
| 008 | 240827b20192019 sp||||| |||| 00| 0 spa d | ||
| 020 | _a978-84-17057-95-4 | ||
| 040 |
_aMUNICIPALIDAD PROVINCIAL DEL CUSCO _cBIBLIOTECA MUNICIPAL DEL CUSCO |
||
| 041 | _hspa | ||
| 082 |
_a158.1 / S21V _bS21V |
||
| 100 |
_aSande Martínez, José Antonio _950277 |
||
| 245 |
_aEl Viaje del ego _b...hacia la conciencia / |
||
| 260 |
_aEspaña : _bArcopress, S. L., _c2019 |
||
| 300 |
_a298 páginas. : _c22 cm |
||
| 505 | _aLos cinco planos de la naturaleza humana -- Estudio sobre los niveles de existencia y de conciencia -- Modelo integrado de conciencia -- Teoría de la dinámica espiral del Dr. Graves | ||
| 650 |
_aEgo _950288 |
||
| 650 |
_aModelo integrado _950289 |
||
| 650 |
_aEmociones _916534 |
||
| 650 |
_aIntrospección _950278 |
||
| 942 |
_2ddc _cLIBROS |
||
| 945 |
_apbj _d2024-08-27 |
||